Loading...
| Science - Physics | 0 | 8 | 0 | 0 | 80 | 27 | 47.50 | 2 | 8 | 44.54 | 71.11 |
| Science - Other | 0 | 6 | 0 | 1 | 60 | 17 | 62.67 | 3 | 3 | 26.84 | 38.89 |
| Science - Biology | 0 | 6 | 0 | 1 | 60 | 53 | 68.50 | 0 | 2 | 18.72 | 31.11 |
| Science - Chemistry | 0 | 4 | 1 | 2 | 35 | 30 | 64.25 | 1 | 2 | 13.93 | 24.44 |
| Mythology | 0 | 3 | 0 | 0 | 30 | 24 | 59.67 | 1 | 2 | 12.08 | 15.56 |
| Fine Arts - Other | 0 | 3 | 0 | 0 | 30 | 76 | 90.00 | 0 | 0 | 7.11 | 5.56 |
| Social Science | 0 | 2 | 0 | 0 | 20 | 46 | 70.00 | 0 | 1 | 10.55 | 17.46 |
| History - World | 0 | 2 | 0 | 0 | 20 | 95 | 95.50 | 0 | 0 | 1.80 | 6.67 |
| Literature - American | 0 | 2 | 0 | 2 | 20 | 112 | 113.00 | 0 | 0 | 0.17 | 8.89 |
| Literature - World | 0 | 2 | 0 | 0 | 20 | 52 | 67.50 | 1 | 2 | 8.45 | 16.67 |
| Fine Arts - Painting and Sculpture | 0 | 2 | 1 | 1 | 15 | 111 | 114.50 | 0 | 0 | 0.98 | 5.56 |
| Geography | 0 | 2 | 1 | 0 | 15 | 16 | 52.00 | 0 | 1 | 21.41 | 17.78 |
| Philosophy | 0 | 1 | 0 | 0 | 10 | 106 | 106.00 | 0 | 0 | 0.00 | 1.39 |
| Current Events | 0 | 1 | 0 | 0 | 10 | 52 | 52.00 | 1 | 1 | 10.46 | 20.00 |
| History - European | 0 | 1 | 0 | 0 | 10 | 66 | 66.00 | 0 | 1 | 4.00 | 6.67 |
| Fine Arts - Classical Music | 0 | 1 | 0 | 1 | 10 | 126 | 126.00 | 0 | 0 | 0.16 | 1.11 |
| History - Other | 0 | 1 | 1 | 0 | 5 | 68 | 68.00 | 0 | 0 | 3.70 | 2.22 |
| Religion | 0 | 1 | 1 | 1 | 5 | 99 | 99.00 | 0 | 0 | 0.00 | 1.11 |
| History - American | 0 | 1 | 1 | 0 | 5 | 109 | 109.00 | 0 | 0 | 0.00 | 3.33 |